000 00378nam a2200121Ia 4500
008 160609s9999 xx 000 0 und d
100 _aBlanck, Peter.
245 _aEquality: The Struggle For Web Accessibility
245 _cBy:Peter Blanck
260 _c2015
650 _xCOMMUNICATION TECHNOLOGY
856 _uhttp://file.ebook777.com/005/EquTheStrForWebAccByPerWitCogDis.pdf
999 _c295605
_d295605